Loading...
| Fine Arts - Painting and Sculpture | 0 | 3 | 0 | 0 | 30 | 65 | 91.33 | 0 | 2 | 8.26 | 15.53 |
| Literature - British | 0 | 3 | 0 | 0 | 30 | 50 | 65.00 | 0 | 2 | 16.08 | 21.67 |
| Literature - European | 0 | 2 | 0 | 1 | 20 | 91 | 121.50 | 0 | 1 | 3.85 | 8.33 |
| Mythology | 0 | 2 | 0 | 1 | 20 | 106 | 119.50 | 0 | 0 | 1.31 | 4.32 |
| Fine Arts - Other | 0 | 1 | 0 | 0 | 10 | 120 | 120.00 | 0 | 0 | 1.30 | 5.45 |
| History - American | 0 | 1 | 0 | 0 | 10 | 90 | 90.00 | 0 | 0 | 3.08 | 3.33 |
| Literature - World | 0 | 1 | 0 | 1 | 10 | 128 | 128.00 | 0 | 0 | 0.00 | 0.83 |
| Science - Biology | 0 | 1 | 0 | 0 | 10 | 36 | 36.00 | 0 | 1 | 6.60 | 8.33 |
| Science - Other | 0 | 1 | 0 | 0 | 10 | 102 | 102.00 | 0 | 0 | 1.77 | 5.00 |
| Social Science | 0 | 1 | 0 | 0 | 10 | 96 | 96.00 | 0 | 0 | 1.11 | 3.33 |
| Philosophy | 0 | 1 | 0 | 0 | 10 | 85 | 85.00 | 1 | 1 | 3.20 | 10.00 |
| Religion | 0 | 1 | 2 | 1 | 0 | 119 | 119.00 | 0 | 0 | 0.00 | 1.67 |
| Other Academic | 0 | 0 | 1 | 0 | -5 | 0.00 | 0 | 0 | 0.00 | 0.00 | |
| Popular Culture | 0 | 0 | 1 | 0 | -5 | 0.00 | 0 | 0 | 0.00 | 0.00 |